Catholic University of Zimbabwe Library
Online Public Access Catalogue
(OPAC)

Fundamentals of finacial management (Record no. 45604)

MARC details
000 -LEADER
fixed length control field 00506nam a22001577a 4500
008 - FIXED-LENGTH DATA ELEMENTS--GENERAL INFORMATION
fixed length control field 260429b |||||||| |||| 00| 0 eng d
040 ## - CATALOGING SOURCE
Original cataloging agency CUZ
Language of cataloging eng
Transcribing agency CUZ
Modifying agency rda
Description conventions CUZ
050 ## - LIBRARY OF CONGRESS CALL NUMBER
Classification number HG4026.H6693HOR
100 ## - MAIN ENTRY--PERSONAL NAME
Personal name James C. Van Horne
245 ## - TITLE STATEMENT
Title Fundamentals of finacial management
Statement of responsibility, etc. by James C. Van Horne
264 ## - PRODUCTION, PUBLICATION, DISTRIBUTION, MANUFACTURE, AND COPYRIGHT NOTICE
Place of production, publication, distribution, manufacture London
Name of producer, publisher, distributor, manufacturer PHL Learning private limited
Date of production, publication, distribution, manufacture, or copyright notice @ 2009
942 ## - ADDED ENTRY ELEMENTS (KOHA)
Koha item type OS Book
Item part 4026.H6693HOR
Call number prefix HG
336 ## - CONTENT TYPE
Content type term text
Content type code txt
337 ## - MEDIA TYPE
Media type term unmediated
Media type code n
338 ## - CARRIER TYPE
Source rdacarrier
Holdings
Withdrawn status Lost status Source of classification or shelving scheme Damaged status Not for loan Home library Current library Shelving location Date acquired Coded location qualifier Cost, normal purchase price Inventory number Total Checkouts Full call number Barcode Date last seen Cost, replacement price Price effective from Koha item type
          CUZ Harare Campus CUZ Harare Campus Open Shelf 15.03.2016 Donation 39.13 CUM00207   HG4026.H6693HOR BK011217 29.04.2026 39.13 29.04.2026 OS Book
          CUZ Harare Campus CUZ Harare Campus Open Shelf 15.03.2016 Donation 39.13 CUM00208   HG4026.H6693HOR BK011218 29.04.2026 39.13 29.04.2026 OS Book

OPENING HOURS

Weekdays: 0815hrs - 1800hrs
Weekends:0900hrs - 1200hrs

Closed for Mass:

Mon, Thur: 1200hrs - 1300hrs
Sunday & Public Holiday’s

CALL SUPPORT

0242-570570, 0242-570169
09200664, +263 8644140602

LOCATION

18443, Cranborne Avenue, Hatfield, Harare

Other Links


©2021 | CUZ Library